Epeműtött betegek ápolása

Elmentve itt :
Bibliográfiai részletek
Szerző: Süli Petra Roberta
További közreműködők: Babarci Ágnes (Témavezető)
Dokumentumtípus: Szakdolgozat
Megjelent: 2018
Tárgyszavak:
Online Access:http://diploma.bibl.u-szeged.hu/94210
LEADER 00707nta a2200193 i 4500
001 dipl94210
005 20201116085428.0
008 201116s2018 hu om 0|| zxx d
040 |a SZTE Diploma Repozitórium  |b hun 
041 |a zxx 
100 1 |a Süli Petra Roberta 
245 1 0 |a Epeműtött betegek ápolása  |h [elektronikus dokumentum] /  |c Petra Roberta Süli 
246 1 0 |a Postoperative Care of Cholecystectomized Patients  |h [elektronikus dokumentum] 
260 |c 2018 
650 4 |a Orvos- és egészségtudományok 
650 4 |a Medical and health sciences 
650 4 |a Health sciences 
700 1 |a Babarci Ágnes  |e ths 
856 4 0 |u http://diploma.bibl.u-szeged.hu/id/eprint/94210/1/2018_2362.pdf  |z Dokumentum-elérés